[Event "Kandidatklassen 1996"]
[Site "Randers"]
[Date "1996.04.06"]
[Round "5"]
[White "Johansen, Morten"]
[Black "Christensen, Thomas K"]
[Result "1-0"]
[WhiteElo "2190"]
[BlackElo "2180"]
[PlyCount "55"]
[EventDate "1996.??.??"]

1. d4 d5 2. c4 c6 3. Nf3 Nf6 4. Nc3 e6 5. Bg5 dxc4 6. a4 Bb4 7. e4 Bxc3+ 8.
bxc3 Qa5 9. e5 Ne4 10. Bd2 Qd5 11. a5 Nd7 12. Be2 b5 13. axb6 Nxb6 14. O-O c5
15. Ng5 Nxg5 16. Bxg5 Qc6 17. dxc5 Bb7 18. Bf3 Nd5 19. Qd4 O-O 20. Qxc4 Qc7 21.
Qg4 Kh8 22. Rfb1 a5 23. Qh4 Rfb8 24. Be4 h6 25. Bxh6 gxh6 26. Qxh6+ Kg8 27.
Bh7+ Kh8 28. Ra4 1-0

[Event "Kandidatklassen 1996"]
[Site "Randers"]
[Date "1996.04.06"]
[Round "5"]
[White "Matthiesen, Arne"]
[Black "Larsen, Tom"]
[Result "1-0"]
[WhiteElo "2204"]
[BlackElo "2096"]
[PlyCount "108"]
[EventDate "1996.??.??"]

1. d4 Nf6 2. Nf3 g6 3. c4 Bg7 4. Nc3 d6 5. e4 c6 6. g3 O-O 7. Bg2 Bg4 8. h3
Bxf3 9. Bxf3 Nbd7 10. Be3 e5 11. O-O Qe7 12. Bg2 Nh5 13. Kh2 b6 14. Qd2 Rad8
15. Rab1 h6 16. d5 c5 17. Bxh6 a6 18. Bf3 Kh7 19. Bg5 Bf6 20. Be3 Ng7 21. b4
Rb8 22. a3 Rfc8 23. Rb2 Ne8 24. bxc5 dxc5 25. Rfb1 Nd6 26. Qe2 Bg5 27. Bxg5
Qxg5 28. h4 Qd8 29. h5 g5 30. Bg4 Rc7 31. a4 Rcb7 32. Bf5+ Kh6 33. Bxd7 Qxd7
34. f4 Qe7 35. f5 Qd7 36. Ra1 a5 37. Nb5 f6 38. Nxd6 Qxd6 39. g4 Qd7 40. Qc2
Kg7 41. Qb3 Kf7 42. Kg2 Ke7 43. Kf3 Kd6 44. Rab1 Kc7 45. d6+ Qxd6 46. Rd1 Qe7
47. Rbd2 Rf8 48. Qd3 Kc8 49. Qd6 Qe8 50. Rb1 Rff7 51. Rxb6 Rxb6 52. Qxb6 Rb7
53. Qe6+ Qxe6 54. fxe6 Rb6 1-0

[Event "Kandidatklassen 1996"]
[Site "Randers"]
[Date "1996.04.06"]
[Round "5"]
[White "Ochsner, Thomas"]
[Black "Nielsen, Uffe V"]
[Result "1-0"]
[WhiteElo "2319"]
[BlackElo "2380"]
[PlyCount "75"]
[EventDate "1996.??.??"]

1. e4 c5 2. Nf3 e6 3. Nc3 a6 4. d4 cxd4 5. Nxd4 Qc7 6. g3 Nc6 7. Bg2 Nge7 8.
Nb3 Ng6 9. f4 d6 10. a4 Na5 11. Nxa5 Qxa5 12. Be3 Be7 13. h4 Bd7 14. O-O O-O
15. h5 Nh8 16. f5 Rfe8 17. h6 Bf8 18. hxg7 Bxg7 19. Qxd6 Bc6 20. Qc5 Qxc5 21.
Bxc5 Bxc3 22. bxc3 f6 23. fxe6 Rxe6 24. Bh3 Rxe4 25. Rxf6 Rae8 26. a5 Re2 27.
Bf1 Rd2 28. Bd4 Bd5 29. Rd6 Bf7 30. Rb1 Ng6 31. Rxb7 Rd1 32. Kg2 Rd2+ 33. Kh3
Nf8 34. Bd3 Be6+ 35. g4 Bf7 36. Rxa6 Ng6 37. Kg3 Rd1 38. Raa7 1-0

[Event "Kandidatklassen 1996"]
[Site "Randers"]
[Date "1996.04.06"]
[Round "5"]
[White "Pedersen, Daniel Vesterbaek"]
[Black "Friis, Carsten Bank"]
[Result "1-0"]
[WhiteElo "2281"]
[BlackElo "2246"]
[PlyCount "61"]
[EventDate "1996.??.??"]

1. e4 e5 2. Nf3 Nc6 3. d4 exd4 4. Nxd4 g6 5. Nc3 Bg7 6. Be3 Nf6 7. Be2 O-O 8.
Qd2 Re8 9. f3 d6 10. O-O-O Nxd4 11. Bxd4 a6 12. g4 h6 13. Be3 Kh7 14. g5 Ng8
15. gxh6 Bf8 16. h4 f6 17. Rdg1 Be6 18. h5 g5 19. f4 gxf4 20. Bxf4 Bxh6 21. Rg6
Bxf4 22. Qxf4 Re7 23. Rhg1 Qf8 24. Bd3 Kh8 25. Nd5 Rh7 26. Nxf6 Nxf6 27. Rxf6
Qe7 28. e5 Rg8 29. Rxg8+ Bxg8 30. Bxh7 Bxh7 31. Rf8+ 1-0

[Event "Kandidatklassen 1996"]
[Site "Randers"]
[Date "1996.04.06"]
[Round "5"]
[White "Pedersen, Finn"]
[Black "Rasmussen, Peter"]
[Result "1-0"]
[WhiteElo "2333"]
[BlackElo "2285"]
[PlyCount "93"]
[EventDate "1996.??.??"]

1. Nf3 Nf6 2. g3 g6 3. b3 Bg7 4. Bb2 c5 5. c4 d6 6. Bg2 e5 7. O-O O-O 8. Nc3
Nc6 9. d3 h6 10. Nd2 Be6 11. Nde4 Qd7 12. Nxf6+ Bxf6 13. Nd5 Bg7 14. Qd2 Bh3
15. Bxh3 Qxh3 16. e3 Rae8 17. f4 Ne7 18. Nc3 exf4 19. Rxf4 Qe6 20. Re1 d5 21.
Nb5 Qd7 22. Bxg7 Kxg7 23. Nxa7 Nf5 24. Nb5 d4 25. exd4 cxd4 26. Rxe8 Rxe8 27.
Qf2 Ne3 28. Rxd4 Qc6 29. Rd6 Qc5 30. Rd7 Re7 31. Rxe7 Qxe7 32. Nc3 Qe5 33. Qd2
Nf5 34. Ne2 Kg8 35. d4 Qe4 36. Nc3 Qf3 37. d5 h5 38. Qe1 h4 39. d6 Nxd6 40. Nd5
hxg3 41. Qxg3 Qd1+ 42. Kg2 Qe2+ 43. Qf2 Qg4+ 44. Kf1 Qd1+ 45. Qe1 Qf3+ 46. Kg1
Ne4 47. Qxe4 1-0

[Event "Kandidatklassen 1996"]
[Site "Randers"]
[Date "1996.04.06"]
[Round "5"]
[White "Pedersen, Jan"]
[Black "Ligaard, Morten Lund"]
[Result "1-0"]
[WhiteElo "2320"]
[BlackElo "2173"]
[PlyCount "63"]
[EventDate "1996.??.??"]

1. e4 d5 2. Nc3 d4 3. Nce2 e5 4. Ng3 Be6 5. Be2 f6 6. Bg4 Qd7 7. Bxe6 Qxe6 8.
Nh3 Bd6 9. O-O Ne7 10. f4 exf4 11. Nxf4 Bxf4 12. Rxf4 O-O 13. d3 Nbc6 14. Qh5
Ng6 15. Rf2 Nce5 16. b3 c5 17. a4 b6 18. Nf5 Ne7 19. Bf4 Nxf5 20. exf5 Qf7 21.
Qxf7+ Kxf7 22. Bxe5 fxe5 23. g4 Kf6 24. h4 h6 25. Kg2 a6 26. Kf3 h5 27. Ke4
hxg4 28. Rg1 Rh8 29. Rxg4 Rh6 30. Rfg2 b5 31. Rg6+ Rxg6 32. Rxg6+ 1-0

[Event "Kandidatklassen 1996"]
[Site "Randers"]
[Date "1996.04.06"]
[Round "5"]
[White "Rewitz, Poul"]
[Black "Hoiberg, Erling"]
[Result "1/2-1/2"]
[WhiteElo "2293"]
[BlackElo "2206"]
[PlyCount "64"]
[EventDate "1996.??.??"]

1. e4 c5 2. b3 Nc6 3. Bb2 e5 4. Nc3 d6 5. Bc4 Nf6 6. d3 Be7 7. Nge2 a6 8. a4
O-O 9. O-O Kh8 10. f4 Ng4 11. Nd5 exf4 12. Nexf4 Bg5 13. h3 Nge5 14. Bc1 Rb8
15. Ne3 Nxc4 16. bxc4 Qf6 17. c3 Qxc3 18. Rb1 Bxf4 19. Rxf4 Ne5 20. Rb3 Qa5 21.
Qh5 Ng6 22. Rf1 Qxa4 23. Rb6 Qd7 24. Nf5 Qc7 25. Rb1 f6 26. g4 d5 27. exd5 Bxf5
28. gxf5 Qg3+ 29. Kh1 Qxd3 30. fxg6 Qxf1+ 31. Kh2 Qf2+ 32. Kh1 Qe1+ 1/2-1/2

[Event "Kandidatklassen 1996"]
[Site "Randers"]
[Date "1996.04.06"]
[Round "5"]
[White "Thuesen, Mogens Henrik"]
[Black "Holmsgaard, Henrik"]
[Result "0-1"]
[WhiteElo "2230"]
[BlackElo "2248"]
[PlyCount "68"]
[EventDate "1996.??.??"]

1. f4 c5 2. Nf3 g6 3. g3 Bg7 4. Bg2 Nf6 5. d3 d5 6. O-O O-O 7. c3 Nc6 8. Qe1 b6
9. h3 Qc7 10. Na3 Bb7 11. g4 a6 12. Qh4 e5 13. f5 e4 14. Nh2 b5 15. g5 Nh5 16.
f6 Bh8 17. Ng4 Rfe8 18. dxe4 dxe4 19. Be3 Nd8 20. b4 Ne6 21. bxc5 Nxc5 22. Nc2
Ne6 23. Nd4 Ng3 24. Nh6+ Kf8 25. Nxf7 Nxd4 26. Nxh8 Ndf5 27. Nxg6+ Kg8 28. Ne7+
Rxe7 29. Rxf5 Nxf5 30. Qf2 Re5 31. Bd4 Nxd4 32. cxd4 Rxg5 33. Kh1 e3 34. f7+
Kg7 0-1

[Event "Kandidatklassen 1996"]
[Site "Randers"]
[Date "1996.04.07"]
[Round "6"]
[White "Abildlund, Jens"]
[Black "Larsen, Tom"]
[Result "1-0"]
[WhiteElo "2209"]
[BlackElo "2096"]
[PlyCount "39"]
[EventDate "1996.??.??"]

1. d4 d5 2. Nf3 e6 3. Bf4 c5 4. e3 Nc6 5. c3 Bd7 6. Nbd2 Nf6 7. Bd3 Be7 8. Ne5
O-O 9. Qf3 Ne8 10. Qh3 f5 11. g4 Nxe5 12. Bxe5 c4 13. Bc2 g6 14. Nf3 Bd6 15.
Rg1 Bxe5 16. Nxe5 Ng7 17. Qh6 Be8 18. gxf5 exf5 19. Rg3 Qf6 20. f4 1-0

[Event "Kandidatklassen 1996"]
[Site "Randers"]
[Date "1996.04.07"]
[Round "6"]
[White "Hoiberg, Erling"]
[Black "Friis, Carsten Bank"]
[Result "0-1"]
[WhiteElo "2206"]
[BlackElo "2246"]
[PlyCount "78"]
[EventDate "1996.??.??"]

1. d4 Nf6 2. Nf3 e6 3. Bf4 b6 4. Nbd2 Bb7 5. e3 Be7 6. Bd3 Nh5 7. Bg3 f5 8. Ne5
g6 9. Ndf3 d6 10. Nc4 Bf6 11. c3 Qe7 12. Qa4+ Nd7 13. O-O-O O-O 14. Be2 a6 15.
Qa3 Nxg3 16. hxg3 Qg7 17. Rh2 Be7 18. Ncd2 Rfc8 19. Rdh1 Nf8 20. Qb3 b5 21. Qc2
c5 22. Kb1 Bf6 23. g4 fxg4 24. Ne1 cxd4 25. exd4 Bxd4 26. Ne4 Be5 27. Rh4 b4
28. Rxg4 bxc3 29. b3 d5 30. Ng5 Rc7 31. Nxh7 Qxh7 32. Rxh7 Rxh7 33. Bd3 Rh1 34.
Qe2 c2+ 35. Bxc2 Bc3 36. Rxg6+ Nxg6 37. Qxe6+ Kh8 38. Bxg6 Rxe1+ 39. Kc2 Rxe6
0-1

[Event "Kandidatklassen 1996"]
[Site "Randers"]
[Date "1996.04.07"]
[Round "6"]
[White "Hoiberg, Nina"]
[Black "Rewitz, Poul"]
[Result "0-1"]
[WhiteElo "2300"]
[BlackElo "2293"]
[PlyCount "100"]
[EventDate "1996.??.??"]

1. e4 c6 2. d4 d5 3. e5 c5 4. dxc5 Nc6 5. Bb5 e6 6. Be3 Qa5+ 7. Nc3 Bd7 8. Bxc6
Bxc6 9. Nf3 Bxc5 10. Bxc5 Qxc5 11. Qd4 b6 12. Qg4 Ne7 13. Nd4 Ng6 14. Nxc6 Qxc6
15. O-O Nxe5 16. Qxg7 Ng6 17. Ne2 Qc7 18. a4 Qe5 19. Qxe5 Nxe5 20. a5 Kd7 21.
axb6 axb6 22. Nc3 Kc6 23. Rfe1 b5 24. Ra2 Rxa2 25. Nxa2 Ra8 26. Nc1 Nc4 27. Nd3
Kd6 28. h4 Ra2 29. b3 Rxc2 30. bxc4 dxc4 31. Ne5 b4 32. Nxf7+ Kd5 33. Rd1+ Kc5
34. Ng5 b3 35. Nxe6+ Kb4 36. Nd4 Ra2 37. Nxb3 cxb3 38. Rb1 Kc3 39. g4 Kc2 40.
Re1 b2 41. Kg2 Ra1 42. Re2+ Kc3 43. Rxb2 Kxb2 44. Kg3 Kc3 45. Kf4 Kd4 46. h5
Rf1 47. f3 Kd5 48. g5 Ke6 49. Kg4 Kf7 50. f4 Ke6 0-1

[Event "Kandidatklassen 1996"]
[Site "Randers"]
[Date "1996.04.07"]
[Round "6"]
[White "Jorgensen, Michael Brunsgaard"]
[Black "Christensen, Thomas K"]
[Result "1-0"]
[WhiteElo "2208"]
[BlackElo "2180"]
[PlyCount "49"]
[EventDate "1996.??.??"]

1. d4 d5 2. c4 c6 3. Nf3 Nf6 4. Nc3 e6 5. Bg5 dxc4 6. e4 b5 7. e5 h6 8. Bh4 g5
9. Nxg5 hxg5 10. Bxg5 Nbd7 11. g3 Qa5 12. exf6 Ba6 13. Be2 O-O-O 14. O-O c5 15.
a4 b4 16. Nb5 Bb7 17. Bf4 e5 18. dxe5 Nxf6 19. exf6 Rxd1 20. Rfxd1 Be4 21. Bc7
Qa6 22. Rd8+ Kb7 23. Rb8+ Kc6 24. Bxc4 Bd6 25. Rxh8 1-0

[Event "Kandidatklassen 1996"]
[Site "Randers"]
[Date "1996.04.07"]
[Round "6"]
[White "Ligaard, Morten Lund"]
[Black "Lauritsen, Niels"]
[Result "1/2-1/2"]
[WhiteElo "2173"]
[BlackElo "2262"]
[PlyCount "28"]
[EventDate "1996.??.??"]

1. d4 Nf6 2. Nf3 d5 3. Bg5 c5 4. e3 Qb6 5. Qc1 Nc6 6. c3 Bf5 7. Nbd2 e6 8. Be2
Be7 9. O-O h6 10. Bh4 O-O 11. Ne5 Qc7 12. f4 Ne4 13. Bxe7 Qxe7 14. Bf3 Nxd2
1/2-1/2

[Event "Kandidatklassen 1996"]
[Site "Randers"]
[Date "1996.04.07"]
[Round "6"]
[White "Matthiesen, Arne"]
[Black "Olesen, Poul Erik Norgaard"]
[Result "1-0"]
[WhiteElo "2204"]
[BlackElo "2136"]
[PlyCount "81"]
[EventDate "1996.??.??"]

1. d4 Nf6 2. Nf3 g6 3. c4 Bg7 4. Nc3 O-O 5. e4 d6 6. Be2 e5 7. O-O Nc6 8. d5
Ne7 9. b4 Ne8 10. c5 f5 11. Ng5 a5 12. Qb3 fxe4 13. bxa5 Nf5 14. Ne6 Bxe6 15.
dxe6 Kh8 16. Qxb7 Rxa5 17. Bb5 dxc5 18. Bxe8 Rxe8 19. Nxe4 Nd6 20. Qc6 Nxe4 21.
Qxe4 Rxe6 22. Be3 Rd6 23. h3 Qe8 24. Rab1 h6 25. Rfc1 Qc6 26. Qc4 Qd5 27. Rb8+
Kh7 28. Qxd5 Rxd5 29. Rc8 Rxa2 30. Rxc7 Ra5 31. Rb1 Ra8 32. Rbb7 Rg8 33. Bxc5
Kh8 34. Bf8 Rd1+ 35. Kh2 Rxf8 36. Rxg7 Rxf2 37. Rxg6 e4 38. Rxh6+ Kg8 39. Re6
Rdd2 40. Re8+ Rf8 41. Rxe4 1-0

[Event "Kandidatklassen 1996"]
[Site "Randers"]
[Date "1996.04.07"]
[Round "6"]
[White "Nielsen, Uffe V"]
[Black "Holmsgaard, Henrik"]
[Result "0-1"]
[WhiteElo "2380"]
[BlackElo "2248"]
[PlyCount "80"]
[EventDate "1996.??.??"]

1. e4 c5 2. Nf3 e6 3. Nc3 Nc6 4. Be2 d6 5. d4 cxd4 6. Nxd4 Nf6 7. O-O Be7 8.
Be3 O-O 9. Kh1 a6 10. a4 Qc7 11. f4 Bd7 12. Nb3 Na5 13. Nxa5 Qxa5 14. Qd3 Rac8
15. Rfd1 Rfd8 16. Bf3 Be8 17. Bd2 Qc7 18. a5 d5 19. e5 Nd7 20. Ne2 Qxc2 21.
Qxc2 Rxc2 22. Bc3 Bc5 23. Nd4 Rf2 24. Rac1 Nf8 25. Kg1 Rxf3 26. gxf3 Ng6 27. f5
exf5 28. Kh1 Bd7 29. Nb3 Be3 30. Bd2 Ba7 31. Re1 Bc6 32. e6 d4 33. Kg2 fxe6 34.
Rxe6 Bd5 35. Rxg6 hxg6 36. Nc5 Re8 37. Kf2 d3 38. Be3 f4 39. Bxf4 Re2+ 40. Kf1
d2 0-1

[Event "Kandidatklassen 1996"]
[Site "Randers"]
[Date "1996.04.07"]
[Round "6"]
[White "Ochsner, Thomas"]
[Black "Pedersen, Finn"]
[Result "1-0"]
[WhiteElo "2319"]
[BlackElo "2333"]
[PlyCount "85"]
[EventDate "1996.??.??"]

1. e4 c6 2. c4 d5 3. exd5 cxd5 4. d4 Nf6 5. Nc3 Nc6 6. Bg5 Be6 7. Be2 h6 8.
Bxf6 exf6 9. Bf3 Bb4 10. Nge2 O-O 11. O-O Bxc3 12. Nxc3 Ne7 13. c5 Nc6 14. b4
Nxb4 15. Rb1 Qa5 16. Qd2 Nxa2 17. Qxa2 Qxc3 18. Rfd1 Bf5 19. Rxb7 Rfe8 20. h4
Re1+ 21. Rxe1 Qxe1+ 22. Kh2 Be4 23. Qe2 Qxe2 24. Bxe2 Kf8 25. Ba6 Bf5 26. c6
Rc8 27. c7 Ke7 28. Rxa7 Kd6 29. Bxc8 Bxc8 30. Kg3 Kc6 31. Ra5 Kxc7 32. Rxd5 Be6
33. Ra5 g6 34. f3 Kd6 35. Kf2 f5 36. g3 f6 37. f4 Bd5 38. Ra7 Bc6 39. Ke3 Ke6
40. Kd3 Bb5+ 41. Kc3 Be2 42. Ra2 Bf1 43. Ra1 1-0

[Event "Kandidatklassen 1996"]
[Site "Randers"]
[Date "1996.04.07"]
[Round "6"]
[White "Pedersen, Nicolai Vesterbaek"]
[Black "Hansen, Lars"]
[Result "1/2-1/2"]
[WhiteElo "2275"]
[BlackElo "2225"]
[PlyCount "111"]
[EventDate "1996.??.??"]

1. e4 c5 2. c3 Nf6 3. e5 Nd5 4. d4 cxd4 5. Nf3 e6 6. cxd4 b6 7. Bd3 Bb4+ 8. Bd2
Bxd2+ 9. Qxd2 Ba6 10. Be4 Nc6 11. Bxd5 exd5 12. Nc3 Nb4 13. a3 Nd3+ 14. Kd1 O-O
15. Ne1 Nxe1 16. Rxe1 d6 17. f4 Qd7 18. b3 dxe5 19. Rxe5 f6 20. Re1 Rac8 21.
Kc2 Rfe8 22. Kb2 Qf5 23. Re3 Rxe3 24. Qxe3 Bb5 25. Qf3 Bc6 26. Re1 Kf7 27. Re3
Re8 28. Rxe8 Kxe8 29. Kc1 Kf7 30. Kd2 h5 31. b4 g6 32. g3 Ke6 33. Qe2+ Kd6 34.
b5 Bd7 35. Qf3 Be6 36. Qd3 Qg4 37. a4 h4 38. Qe3 Qh3 39. Qf2 hxg3 40. Qxg3 Qf5
41. Qe3 Qh5 42. Qg1 Bf5 43. Qg2 Bh3 44. Qg3 Qf5 45. Qe3 Bf1 46. Ke1 Bc4 47. Kf2
g5 48. Kg3 g4 49. Qe8 Qd3+ 50. Kxg4 Qxc3 51. Qd8+ Ke6 52. f5+ Kf7 53. Qd7+ Kf8
54. Qc8+ Kg7 55. Qc7+ Kh6 56. Qf4+ 1/2-1/2

[Event "Kandidatklassen 1996"]
[Site "Randers"]
[Date "1996.04.07"]
[Round "6"]
[White "Rasmussen, Peter"]
[Black "Pedersen, Daniel Vesterbaek"]
[Result "0-1"]
[WhiteElo "2285"]
[BlackElo "2281"]
[PlyCount "78"]
[EventDate "1996.??.??"]

1. d4 d5 2. Nf3 Nf6 3. c4 dxc4 4. Nc3 a6 5. e4 b5 6. e5 Nd5 7. a4 e6 8. axb5
Nb6 9. Be2 Bb7 10. O-O axb5 11. Rxa8 Bxa8 12. Nxb5 Be7 13. b3 cxb3 14. Qxb3 O-O
15. Ba3 Nc6 16. Rc1 Nd5 17. g3 Qd7 18. Bxe7 Ncxe7 19. Ng5 Rb8 20. Qd3 Ng6 21.
Rc5 Bc6 22. Bf1 h6 23. Ne4 Nb4 24. Qa3 Bxe4 25. Qxb4 c6 26. Qe1 cxb5 27. Qxe4
b4 28. d5 exd5 29. Rxd5 Qc8 30. Bc4 b3 31. e6 fxe6 32. Rd7 Nf8 33. Rd1 b2 34.
Rb1 Rb6 35. Bd3 Qc3 36. Kg2 Rb4 37. Qe2 Rd4 38. Rd1 Rxd3 39. Rxd3 Qc6+ 0-1

[Event "Kandidatklassen 1996"]
[Site "Randers"]
[Date "1996.04.07"]
[Round "6"]
[White "Sobjerg, Erik"]
[Black "Johansen, Morten"]
[Result "1/2-1/2"]
[WhiteElo "2303"]
[BlackElo "2190"]
[PlyCount "81"]
[EventDate "1996.??.??"]

1. e4 d5 2. exd5 Qxd5 3. Nc3 Qa5 4. d4 Nf6 5. Bc4 Bf5 6. Bd2 c6 7. Qe2 Qc7 8.
Nf3 e6 9. Ne5 Nbd7 10. O-O-O Bb4 11. Nxd7 Nxd7 12. g4 Bg6 13. h4 Bxc3 14. Bxc3
Nb6 15. h5 Qf4+ 16. Bd2 Qxd4 17. Bxe6 Qe4 18. Bxf7+ Kxf7 19. hxg6+ Qxg6 20.
Qf3+ Qf6 21. Rh3 Qxf3 22. Rxf3+ Kg6 23. Rb3 Rad8 24. Be3 Rxd1+ 25. Kxd1 Rf8 26.
Ke2 Rf7 27. Bxb6 axb6 28. Rxb6 Kg5 29. f3 g6 30. Kf2 h5 31. gxh5 gxh5 32. Rb4
h4 33. Rg4+ Kh5 34. Rg8 Rd7 35. Ke3 Re7+ 36. Kf4 Rf7+ 37. Ke3 Re7+ 38. Kf2 Rd7
39. Kg2 Rd2+ 40. Kh3 Rxc2 41. Rh8+ 1/2-1/2

[Event "Kandidatklassen 1996"]
[Site "Randers"]
[Date "1996.04.07"]
[Round "6"]
[White "Thuesen, Mogens Henrik"]
[Black "Pedersen, Jan"]
[Result "1-0"]
[WhiteElo "2230"]
[BlackElo "2320"]
[PlyCount "69"]
[EventDate "1996.??.??"]

1. d4 c5 2. d5 e5 3. e4 d6 4. Nc3 Be7 5. Bb5+ Nd7 6. Nf3 a6 7. Bxd7+ Bxd7 8. a4
Bf6 9. a5 Bb5 10. Bd2 Ne7 11. Na4 Nc8 12. b3 Qd7 13. h3 c4 14. Nb2 Qc7 15. bxc4
Bxc4 16. Ra4 Bb5 17. Rb4 b6 18. axb6 Nxb6 19. c4 Bd7 20. Qb3 Rb8 21. Be3 Bd8
22. Nxe5 dxe5 23. c5 Nxd5 24. exd5 Bb5 25. Nd3 Bxd3 26. Rxb8 Qa5+ 27. Kd1 Bb5
28. Rxb5 axb5 29. Ke2 O-O 30. Rb1 Bf6 31. d6 Rb8 32. c6 Qa6 33. c7 b4+ 34. Qd3
Qa2+ 35. Bd2 1-0

[Event "Kandidatklassen 1996"]
[Site "Randers"]
[Date "1996.04.08"]
[Round "7"]
[White "Abildlund, Jens"]
[Black "Olesen, Poul Erik Norgaard"]
[Result "0-1"]
[WhiteElo "2209"]
[BlackElo "2136"]
[PlyCount "97"]
[EventDate "1996.??.??"]

1. d4 c5 2. c3 b6 3. e4 e6 4. Nf3 Bb7 5. Bd3 cxd4 6. cxd4 Nf6 7. Nc3 Bb4 8. Qe2
d5 9. e5 Ne4 10. Bd2 Nxd2 11. Nxd2 Bxc3 12. bxc3 Qe7 13. O-O Nc6 14. f4 g6 15.
Nf3 h6 16. Rac1 Rc8 17. h3 Na5 18. Nd2 Qa3 19. Bb5+ Bc6 20. Ba6 Rc7 21. c4 Qb2
22. Qf2 Bd7 23. Rb1 Qxa2 24. Ra1 Qb2 25. Rfb1 Qc2 26. c5 Nc4 27. Bxc4 dxc4 28.
Rc1 Qb2 29. cxb6 axb6 30. Rcb1 Qc2 31. Rc1 Qd3 32. Ra8+ Bc8 33. Nf3 O-O 34. Qh4
Kh7 35. Re1 c3 36. f5 Qxf5 37. Rf1 c2 38. Raa1 Ba6 39. Rfc1 Be2 40. Ne1 b5 41.
Ra2 Rfc8 42. Rb2 Qf1+ 43. Kh2 Bd3 44. Qg3 Bf5 45. Qe3 Rc3 46. Qd2 Qc4 47. Qf2
Rc7 48. g4 Bd3 49. Qf4 0-1

[Event "Kandidatklassen 1996"]
[Site "Randers"]
[Date "1996.04.08"]
[Round "7"]
[White "Friis, Carsten Bank"]
[Black "Hansen, Lars"]
[Result "1-0"]
[WhiteElo "2246"]
[BlackElo "2225"]
[PlyCount "83"]
[EventDate "1996.??.??"]

1. d4 g6 2. c4 Bg7 3. Nc3 d6 4. e4 Nc6 5. Be3 e5 6. d5 Nce7 7. Qd2 f5 8. f3 Nf6
9. Be2 O-O 10. O-O-O a6 11. Kb1 Bd7 12. Rc1 c6 13. dxc6 Bxc6 14. Bd3 fxe4 15.
fxe4 b5 16. Nf3 Kh8 17. Ng5 Qd7 18. Nd5 Rab8 19. Ka1 h6 20. Nxf6 Rxf6 21. Nf3
bxc4 22. Rxc4 g5 23. Bb1 g4 24. Ne1 d5 25. exd5 Bxd5 26. Rb4 Rxb4 27. Qxb4 Nc6
28. Qd2 Qf7 29. Qe2 Nd4 30. Bxd4 exd4 31. Qd3 Kg8 32. Nc2 Rf2 33. Nb4 Bxg2 34.
Rc1 Bb7 35. Qh7+ Kf8 36. Nd3 Rf6 37. Ne5 Qe8 38. Rc7 Qxe5 39. Qxg7+ Ke8 40.
Qh8+ Rf8 41. Qxe5+ Kd8 42. Qe7# 1-0

[Event "Kandidatklassen 1996"]
[Site "Randers"]
[Date "1996.04.08"]
[Round "7"]
[White "Hoiberg, Erling"]
[Black "Hoiberg, Nina"]
[Result "1-0"]
[WhiteElo "2206"]
[BlackElo "2300"]
[PlyCount "65"]
[EventDate "1996.??.??"]

1. d4 g6 2. c3 Bg7 3. Nf3 d6 4. Bg5 Nf6 5. Nbd2 O-O 6. e4 Nc6 7. Bb5 a6 8. Bxc6
bxc6 9. O-O Rb8 10. e5 Ne8 11. Nc4 Be6 12. Qe2 Qd7 13. Rfe1 d5 14. Na5 h6 15.
Bxe7 Rb5 16. Bxf8 Bxf8 17. b4 Ng7 18. a4 Rb6 19. Nb3 Bg4 20. Nbd2 Nh5 21. Qe3
Kh7 22. h3 Be6 23. Nh2 Be7 24. f4 Bh4 25. Rf1 Ng3 26. Rf3 Ne4 27. Raf1 Rb8 28.
g4 h5 29. f5 Bg5 30. Qd3 Nxd2 31. fxe6 Qxe6 32. Rxf7+ Kg8 33. R7f6 1-0

[Event "Kandidatklassen 1996"]
[Site "Randers"]
[Date "1996.04.08"]
[Round "7"]
[White "Holmsgaard, Henrik"]
[Black "Ochsner, Thomas"]
[Result "0-1"]
[WhiteElo "2248"]
[BlackElo "2319"]
[PlyCount "102"]
[EventDate "1996.??.??"]

1. Nf3 Nf6 2. c4 b6 3. g3 Bb7 4. Bg2 e6 5. O-O Be7 6. d4 O-O 7. Bf4 d6 8. Nc3
c5 9. d5 exd5 10. cxd5 Na6 11. e4 Nc7 12. a3 Re8 13. Re1 Bf8 14. b4 Qd7 15. Rb1
Rab8 16. b5 Nh5 17. Be3 g6 18. Nd2 Bg7 19. Qc2 f5 20. Bh3 Qf7 21. Nc4 Qf6 22.
Bd2 Rf8 23. e5 dxe5 24. Nxe5 Rbd8 25. Bg2 Ne8 26. Nc6 Bxc6 27. bxc6 Nd6 28. Re6
Qf7 29. Rbe1 Bf6 30. Bh6 Ng7 31. Bf4 Nge8 32. Be5 Bxe5 33. R1xe5 Qg7 34. Qe2
Nc7 35. Re7 Rf7 36. Nd1 Nc8 37. Rxc7 Rxc7 38. Re8+ Rxe8 39. Qxe8+ Qf8 40. Qe6+
Qf7 41. Nc3 Qxe6 42. dxe6 Ne7 43. Nb5 Rxc6 44. Bxc6 Nxc6 45. Nd6 Kf8 46. Nc8 b5
47. e7+ Ke8 48. Nd6+ Kxe7 49. Nxb5 Ke6 50. Kf1 Kd5 51. Ke2 Nd4+ 0-1

[Event "Kandidatklassen 1996"]
[Site "Randers"]
[Date "1996.04.08"]
[Round "7"]
[White "Jacobsen, Bo"]
[Black "Pedersen, Jan"]
[Result "1/2-1/2"]
[WhiteElo "2287"]
[BlackElo "2320"]
[PlyCount "38"]
[EventDate "1996.??.??"]

1. Nf3 c5 2. e4 d6 3. Nc3 Nc6 4. d3 g6 5. Be3 Bg7 6. Qd2 Nd4 7. h4 h6 8. Nh2 h5
9. Nd1 Nf6 10. c3 Nc6 11. f3 Qa5 12. d4 cxd4 13. cxd4 Qxd2+ 14. Kxd2 d5 15. e5
Nd7 16. Nc3 Nb6 17. b3 f6 18. f4 fxe5 19. fxe5 Bf5 1/2-1/2

[Event "Kandidatklassen 1996"]
[Site "Randers"]
[Date "1996.04.08"]
[Round "7"]
[White "Larsen, Tom"]
[Black "Jorgensen, Michael Brunsgaard"]
[Result "1/2-1/2"]
[WhiteElo "2096"]
[BlackElo "2208"]
[PlyCount "141"]
[EventDate "1996.??.??"]

1. e4 e6 2. d4 d5 3. Nd2 Nf6 4. e5 Nfd7 5. f4 c5 6. Ngf3 Nc6 7. Nb3 cxd4 8.
Nfxd4 Be7 9. Be3 Nb6 10. c3 Bd7 11. Bd3 Nc4 12. Qe2 Rc8 13. O-O g6 14. Rae1 a5
15. Bxc4 dxc4 16. Nd2 Nxd4 17. Bxd4 O-O 18. Ne4 Bc6 19. Nf6+ Bxf6 20. exf6 Qd5
21. Qf2 Qf5 22. Re3 Rfd8 23. Qh4 h5 24. Re5 Qc2 25. Qg5 Rxd4 26. cxd4 Qxb2 27.
h3 Qxd4+ 28. Kh2 Qd6 29. Rd1 Qf8 30. Rxe6 Rd8 31. Ree1 c3 32. Qxa5 Rxd1 33.
Rxd1 c2 34. Rc1 Qd6 35. Rxc2 Qxf4+ 36. Kg1 Qxf6 37. Rf2 Qd4 38. Qc7 Qd5 39. Qf4
Qe6 40. Qd4 Qe1+ 41. Rf1 Qe6 42. Rf2 Qe1+ 43. Kh2 Qe6 44. a3 Qe7 45. Qf4 Qe6
46. Rd2 Kh7 47. a4 Qe7 48. a5 Qe6 49. Rd6 Qa2 50. Qd2 Qc4 51. Rd8 Qe4 52. Qb2
f6 53. Rf8 Qf4+ 54. Kg1 Kg7 55. Rd8 Qg5 56. Qd2 Qc5+ 57. Kh1 Qf5 58. Kg1 Qc5+
59. Rd4 g5 60. Kf2 h4 61. Ke1 Qe5+ 62. Kd1 Qg3 63. Rg4 Qb3+ 64. Ke1 Qb1+ 65.
Kf2 Qf5+ 66. Kg1 Qc5+ 67. Kh1 Qa3 68. Kh2 Qe7 69. Rd4 Qe5+ 70. Kg1 Qc5 71. Kh2
1/2-1/2

[Event "Kandidatklassen 1996"]
[Site "Randers"]
[Date "1996.04.08"]
[Round "7"]
[White "Lauritsen, Niels"]
[Black "Sobjerg, Erik"]
[Result "1-0"]
[WhiteElo "2262"]
[BlackElo "2303"]
[PlyCount "81"]
[EventDate "1996.??.??"]

1. d4 Nf6 2. Nc3 e6 3. e4 d5 4. Bg5 Bb4 5. exd5 Qxd5 6. Nf3 Nc6 7. Be2 Bxc3+ 8.
bxc3 Ne4 9. Bd2 Bd7 10. O-O Nxd2 11. Qxd2 O-O 12. Qf4 Ne7 13. Bd3 Ng6 14. Qg3
Qd6 15. Ne5 Nxe5 16. dxe5 Qc5 17. Rab1 Bc6 18. Rb4 g6 19. h4 Rfd8 20. h5 Qe7
21. hxg6 fxg6 22. Bxg6 Rd7 23. Be8+ Kh8 24. Bxd7 Qxd7 25. Qf4 Qe7 26. Qf6+ Qxf6
27. exf6 Kg8 28. Re1 Kf7 29. Rh4 Rg8 30. g3 Kxf6 31. Rxh7 Bd5 32. Rh4 Rg6 33.
c4 Bc6 34. Rf4+ Kg7 35. Rh4 Kf6 36. Re3 Rg8 37. f4 Kf5 38. Kf2 Rg7 39. Rh5+ Kf6
40. Rh6+ Kf7 41. Rh8 1-0

[Event "Kandidatklassen 1996"]
[Site "Randers"]
[Date "1996.04.08"]
[Round "7"]
[White "Nielsen, Uffe V"]
[Black "Pedersen, Daniel Vesterbaek"]
[Result "1-0"]
[WhiteElo "2380"]
[BlackElo "2281"]
[PlyCount "37"]
[EventDate "1996.??.??"]

1. e4 e5 2. Nf3 Nc6 3. Bc4 Nf6 4. d3 Bc5 5. c3 d6 6. O-O O-O 7. Bb3 Be6 8. Re1
Ng4 9. Re2 d5 10. Nbd2 Re8 11. h3 Nf6 12. Ng5 Bc8 13. exd5 Nxd5 14. Nde4 Be7
15. Re1 Bxg5 16. Nxg5 h6 17. Nxf7 Kxf7 18. Qf3+ Ke6 19. d4 1-0